Normale Ansicht MARC-Ansicht ISBD

Doklad o direktivach XX s'ezda KPSS po šestomu pjatiletnemu planu razvitija narodnogo chozjajstva SSSR na 1956 - 1960 gody : (Titelsatznr. 9574)

[ MARC ]
MARC-Details
000 -Satzkennung
Kontrollfeld mit fester Länge 00676nam a22002051c 4500
001 - Kontrollnummer
Kontrollfeld a987694139
008 - Feld mit fester Länge zur physischen Beschreibung - Allgemeine Angaben
Kontrollfeld mit fester Länge 200616s1956 gw a||| 000u rus d
041 ## - Sprachcode
Sprachcode des Textes/der Tonspur oder des separaten Titels rus
040 ## - Katalogisierungsquelle
Übertragungsstelle RU-10907106
003 - Kontrollnummer Identifier
Kontrollfeld RU-10907106
100 1# - Haupteintragung - Personenname
Personenname Bulganin, Nikolaj Aleksandrovič
245 00 - Titel
Titel Doklad o direktivach XX s'ezda KPSS po šestomu pjatiletnemu planu razvitija narodnogo chozjajstva SSSR na 1956 - 1960 gody :
Zusatz zum Titel 21 fevralja 1956 goda
264 ## - Produktion, Veröffentlichung, Distribution, Herstellung und Urheberrechtsvermerk
Herstellungs-, Veröffentlichungs- Vertriebs-, Erzeugungsort Moskva :
Produzent, Herausgeber, Distributor, Hersteller Gosudarstvennoe izdatel'stvo političeskoj literatury,
Datum der Herstellung, der Veröffentlichung, des Vertriebs oder des Urheberschutzvermerks 1956
300 ## - Physische Beschreibung
Umfang 78 Seiten : Illustrationen
648 #0 - Nebeneintragung unter einem Schlagwort - Zeitschlagwort
Zeitschlagwort 1956-1960
650 #0 - Nebeneintragung unter einem Schlagwort - Sachschlagwort
Sachschlagwort oder geografischer Name als Eintragungselement Landwirtschaft
650 #0 - Nebeneintragung unter einem Schlagwort - Sachschlagwort
Sachschlagwort oder geografischer Name als Eintragungselement Wirtschaft
651 #0 - Nebeneintragung unter einem Schlagwort - Geografischer Name
Geografischer Name Sowjetunion
942 ## - Zusätzliche Felder (Koha)
Koha-Medientyp Monographien
Exemplare
Ausgeschieden Verloren Klassifikation oder Aufstellungssystematik Beschädigt Nicht entleihbar Heimatbibliothek Aufenthaltsbibliothek Aufstellungsort Erwerbungsdatum Inventarnummer Signatur Barcode Letzte Aktivität Preis gültig von Koha-Medientyp
    Andere/Generische Klassifikation     MWN Osteuropa MWN Osteuropa Magazin - 2 16/06/2020 20-01750 R 64 q Bul E0040150790EEA3F 16/03/2021 22/03/2021 Monographien